1877 1670 1712 1757 1995 1196 1222 1878 1256 1394 1076 1823 1959 1713 1472 1220 1181 1851 1097 1943 1499 1308 1162 1007 1178 1580 1481 1145 1673 1874 1288 1493 1984 1363 1952 1174 1444 1171 1668 1024 1580 1100 1007 1500 1104 1825 1468 1862 1661 1533 1530 1063 1188 1581 1413 1702 1209 1053 1047 1897 1927 1544 1037 1846 1630 1311 1086 1133 1609 1130 1319 1014 1635 1746 1621 1835 1362 1943 1785 1098 1168 1574 1785 1529 1422 1416 1492 1270 1499 1809 1658 1668 1022 1419 1400 1222 1929 1822 1504 BCNSPRNW ULIB Ver.6.0+V

เปลี่ยนเป็นภาษาไทย

Change to English
 แสดงรายละเอียดบรรณานุกรม
  กลับหน้าหลัก

Brief Record : Get Marc (ISO 2709) : E-mail record : QR code < ปิดหน้าต่าง
LEADER : 00000nam 2200000uu 4500
001    13399115156
003     ULIB
008    120713s2553||||th 000 0 tha d
020    9786169030362
099    นว.^bก881จ
100 0  แก่นฝัน
245 00 เจาะระบบหัวใจ^cแก่นฝัน
260    กรุงเทพฯ:^bCoolkat,^c2553
945    ^p195^l0^i17066
995    เกษร
999 ^a ใช้งานได้ทุกระบบ
รายการนี้ยังไม่มีแท็ก
คุณยังไม่ได้ล็อกอิน คุณสามารถมีกิจกรรมร่วมกับเว็บไซต์ได้ แต่ต้องล็อกอินก่อน ::
  ล็อกอิน

รายการสื่อสารสนเทศ

ลำดับที่ ประเภท เลขเรียก/บาร์โค้ด สถานที่ สถานะ
- ไม่พบข้อมูล -

รายการใกล้เคียง
    ผู้แต่ง [แก่นฝัน]

BibComment


ยังไม่เคยถูกคอมเมนท์

คอมเมนท์ทรัพยากรรายการนี้
  คอมเมนท์: เจาะระบบหัวใจ แก่..


 Copyright 2026. Bcnsprnw @Library